000 00195 a2200109 4500
020 _a9789709747546
041 _aspa
100 _aDisney
245 _aLa Cenicienta
942 _cBK
952 _71
999 _c25210
_d25210